[Event "CAN-op"]
[Site "Edmonton CAN"]
[Date "2005.07.15"]
[Round "8.29"]
[White "Daniluk, Jim"]
[Black "Yuan, Michael"]
[Result "1/2-1/2"]
[WhiteElo "1969"]
[BlackElo "2119"]
[PlyCount "136"]
[GameId "2160767910902021"]
[EventDate "2005.07.09"]
[EventType "swiss"]
[EventRounds "10"]
[EventCountry "CAN"]

1. d4 Nf6 2. c4 e6 3. Nf3 Bb4+ 4. Bd2 Qe7 5. g3 Nc6 6. Bg2 Bxd2+ 7. Nbxd2 d6 8. O-O O-O 9. e4 e5 10. d5 Nb8 11. Qc2 Nh5 12. b4 f5 13. h3 a5 14. a3 Na6 15. Qc3 fxe4 16. Nxe4 axb4 17. axb4 Bf5 18. Ned2 c5 19. dxc6 bxc6 20. c5 Kh8 21. cxd6 Qxd6 22. Qxe5 Qxb4 23. g4 Bd3 24. gxh5 Bxf1 25. h6 Rg8 26. Bxf1 Rae8 27. Ng5 Qf8 28. Qc3 Qf6 29. Nde4 Qg6 30. hxg7+ Rxg7 31. Rxa6 Rxe4 32. Ra8+ Re8 33. Rxe8+ Qxe8 34. Bg2 h6 35. Nf3 Qg6 36. Ne1 Qe6 37. Kf1 Kg8 38. Qxc6 Qxc6 39. Bxc6 Kf7 40. Bd5+ Kf6 41. Ng2 Ke5 42. Ne3 Kf4 43. Bg2 Ra7 44. Nd5+ Ke5 45. Ke2 Ra3 46. Ne3 Kf4 47. Bd5 h5 48. Bf7 Ra5 49. Ng2+ Kg5 50. h4+ Kf6 51. Bc4 Re5+ 52. Kf3 Rf5+ 53. Kg3 Ke5 54. Bd3 Rf8 55. Bg6 Rg8 56. f4+ Kf6 57. f5 Ra8 58. Nf4 Ra3+ 59. Kf2 Ra2+ 60. Ke3 Rh2 61. Nxh5+ Ke7 62. f6+ Kf8 63. f7 Rxh4 64. Nf4 Rh8 65. Ke4 Ke7 66. Kf5 Rf8 67. Nd5+ Kd6 68. Ke4 Ke6 1/2-1/2

[Event "CAN-op"]
[Site "Edmonton CAN"]
[Date "2005.07.15"]
[Round "8.30"]
[White "Reeve, Jeff"]
[Black "Hill, Roderick"]
[Result "1-0"]
[WhiteElo "2364"]
[BlackElo "1904"]
[PlyCount "71"]
[GameId "2160767910902022"]
[EventDate "2005.07.09"]
[EventType "swiss"]
[EventRounds "10"]
[EventCountry "CAN"]

1. g3 d5 2. Bg2 Bf5 3. c4 Be4 4. Nf3 dxc4 5. Qa4+ c6 6. Qxc4 Nf6 7. Nc3 Bg6 8. O-O e6 9. Ne5 Be7 10. d4 O-O 11. e4 Nbd7 12. h3 Nb6 13. Qd3 Nfd7 14. Nxg6 hxg6 15. f4 Qc7 16. Be3 Rad8 17. Qe2 Nf6 18. Kh2 Rd7 19. a4 Nc8 20. Rac1 Qa5 21. g4 Bb4 22. g5 Nh7 23. h4 Bd6 24. Rf3 f5 25. e5 Bb8 26. h5 Ne7 27. Rh3 Rc8 28. Rh1 Nf8 29. h6 gxh6 30. Rxh6 Nd5 31. Bd2 Qd8 32. Kg3 Rh7 33. Nxd5 cxd5 34. Bb4 Rcc7 35. Bxf8 Qxf8 36. Rxg6+ 1-0

[Event "CAN-op"]
[Site "Edmonton CAN"]
[Date "2005.07.15"]
[Round "8.32"]
[White "Klein, Felix"]
[Black "Jiang, Louie"]
[Result "1/2-1/2"]
[WhiteElo "2123"]
[BlackElo "1895"]
[PlyCount "63"]
[GameId "2160767910902023"]
[EventDate "2005.07.09"]
[EventType "swiss"]
[EventRounds "10"]
[EventCountry "CAN"]

1. e4 c5 2. Nf3 d6 3. d4 cxd4 4. Nxd4 Nf6 5. Nc3 g6 6. Be3 Bg7 7. f3 O-O 8. Qd2 Nc6 9. Bc4 Bd7 10. h4 Rb8 11. O-O-O b5 12. Bb3 b4 13. Nd5 Na5 14. h5 Nxb3+ 15. Nxb3 a5 16. hxg6 fxg6 17. Bh6 Bxh6 18. Qxh6 Rf7 19. Nxf6+ exf6 20. Rxd6 Qc7 21. Rd5 Be6 22. Rc5 Qb6 23. Qh2 Rd8 24. Qg1 a4 25. Na5 Bxa2 26. Nc6 Rd6 27. Na7 Rd8 28. Nc6 Rd6 29. Na7 Rd8 30. Nc6 Rd6 31. Na7 Rd8 32. Nc6 1/2-1/2

[Event "CAN-op"]
[Site "Edmonton CAN"]
[Date "2005.07.15"]
[Round "8.33"]
[White "Henry, Liam"]
[Black "Belleau, David"]
[Result "1/2-1/2"]
[WhiteElo "2062"]
[BlackElo "1911"]
[PlyCount "47"]
[GameId "2160767910902024"]
[EventDate "2005.07.09"]
[EventType "swiss"]
[EventRounds "10"]
[EventCountry "CAN"]

1. e4 c5 2. Nf3 d6 3. d4 cxd4 4. Nxd4 Nf6 5. Nc3 a6 6. Bg5 e6 7. Be2 Be7 8. Qd2 Nbd7 9. O-O-O Qc7 10. f4 b5 11. Bf3 Bb7 12. a3 Rc8 13. Rhe1 h6 14. Bxf6 gxf6 15. Bh5 Kf8 16. Kb1 Nb6 17. e5 Nc4 18. Qd3 dxe5 19. Nxe6+ fxe6 20. Qg6 Bd8 21. Rxd8+ Rxd8 22. Qxf6+ Kg8 23. Qxe6+ Kf8 24. Qf6+ 1/2-1/2

[Event "CAN-op"]
[Site "Edmonton CAN"]
[Date "2005.07.15"]
[Round "8.34"]
[White "Peterson, Curtis"]
[Black "Ingram, Richard"]
[Result "1-0"]
[WhiteElo "1884"]
[BlackElo "2056"]
[PlyCount "91"]
[GameId "2160767910902025"]
[EventDate "2005.07.09"]
[EventType "swiss"]
[EventRounds "10"]
[EventCountry "CAN"]

1. e4 c5 2. Nf3 Nc6 3. d4 cxd4 4. Nxd4 Nf6 5. Nc3 e5 6. Ndb5 d6 7. Bg5 a6 8. Na3 b5 9. Nd5 Be7 10. Bxf6 Bxf6 11. c3 Bg5 12. Bd3 Be6 13. Nc2 O-O 14. h4 Bf6 15. Nce3 g6 16. h5 Bg5 17. Qf3 b4 18. Qg3 bxc3 19. bxc3 Bf4 20. Nxf4 exf4 21. Qxf4 g5 22. Qg3 Ne5 23. Be2 Qf6 24. O-O Kh8 25. Rfd1 Rfd8 26. Nd5 Bxd5 27. Rxd5 g4 28. Rad1 Rac8 29. h6 Rxc3 30. Qxe5 Qxe5 31. Rxe5 Rcc8 32. Red5 Kg8 33. Rxd6 Re8 34. Bxg4 Rc4 35. Rd8 Rcxe4 36. Rxe8+ Rxe8 37. Rd6 a5 38. Ra6 f5 39. Bxf5 Re1+ 40. Kh2 Re5 41. Bg4 Rg5 42. Kh3 Kf7 43. f4 Rc5 44. f5 Rc3+ 45. g3 Ra3 46. Bh5+ 1-0

[Event "CAN-op"]
[Site "Edmonton CAN"]
[Date "2005.07.15"]
[Round "8.35"]
[White "Aird, Ian"]
[Black "Miller, Brian"]
[Result "1-0"]
[WhiteElo "2070"]
[BlackElo "1870"]
[PlyCount "43"]
[GameId "2160767910902026"]
[EventDate "2005.07.09"]
[EventType "swiss"]
[EventRounds "10"]
[EventCountry "CAN"]

1. e4 c5 2. Nf3 Nc6 3. Bb5 g6 4. Bxc6 bxc6 5. O-O Bg7 6. Re1 Nf6 7. e5 Nd5 8. c4 Nc7 9. d4 cxd4 10. Qxd4 Ne6 11. Qh4 O-O 12. Nc3 Re8 13. Bh6 Bh8 14. Rad1 Qc7 15. Ne4 Ng7 16. g4 Bb7 17. Bg5 c5 18. Bxe7 Bxe4 19. Rxe4 Ne6 20. Bf6 Qb7 21. g5 Qxb2 22. Qxh7+ 1-0

[Event "CAN-op"]
[Site "Edmonton CAN"]
[Date "2005.07.15"]
[Round "8.37"]
[White "Hughey, Micah"]
[Black "Stark, Mark"]
[Result "1/2-1/2"]
[WhiteElo "2027"]
[BlackElo "1832"]
[PlyCount "39"]
[GameId "2160767910902027"]
[EventDate "2005.07.09"]
[EventType "swiss"]
[EventRounds "10"]
[EventCountry "CAN"]

1. e4 c5 2. c3 Nf6 3. e5 Nd5 4. d4 cxd4 5. Nf3 Nc6 6. Bc4 Nb6 7. Bb3 g6 8. O-O Bg7 9. cxd4 O-O 10. h3 d6 11. Qe2 dxe5 12. dxe5 Na5 13. Bc2 Qc7 14. b3 Be6 15. Na3 a6 16. Bg5 Nc6 17. Rfe1 Nd5 18. Bd2 Nb6 19. Rac1 Bd5 20. Bf4 1/2-1/2

[Event "CAN-op"]
[Site "Edmonton CAN"]
[Date "2005.07.15"]
[Round "8.38"]
[White "Tang, Edward"]
[Black "Thomas, Bruce"]
[Result "1-0"]
[WhiteElo "2022"]
[BlackElo "1795"]
[PlyCount "113"]
[GameId "2160767910902028"]
[EventDate "2005.07.09"]
[EventType "swiss"]
[EventRounds "10"]
[EventCountry "CAN"]

1. e4 e5 2. Nf3 Nc6 3. Bc4 Bc5 4. c3 Nf6 5. b4 Bb6 6. d3 h6 7. O-O O-O 8. a4 a5 9. b5 Ne7 10. Nxe5 d6 11. Nf3 Bg4 12. Bb3 Ng6 13. h3 Be6 14. Re1 Ne5 15. Bxe6 Nxf3+ 16. Qxf3 fxe6 17. Re2 Nd7 18. Qg3 Rf6 19. Nd2 Ne5 20. d4 Rg6 21. Qh2 Nd7 22. Nc4 Qe7 23. Ba3 Qf7 24. e5 d5 25. Nb2 c5 26. bxc6 bxc6 27. Nd3 Bd8 28. Qf4 Qe8 29. Rb2 Bg5 30. Qf3 Be7 31. Bxe7 Qxe7 32. Rb7 Rf8 33. Qe3 Kh7 34. Nc5 Rd8 35. Rab1 Qe8 36. Nd3 Rg5 37. Nf4 Nf8 38. Qd3+ Kh8 39. R1b2 Ng6 40. Nxg6+ Rxg6 41. Qa6 Rg5 42. Qxa5 Kh7 43. Qb6 Rc8 44. Rb8 Rxb8 45. Qxb8 Qg6 46. f3 Qd3 47. Qb3 Qe3+ 48. Rf2 Qe1+ 49. Rf1 Qg3 50. Qc2+ Kg8 51. Kh1 Rf5 52. a5 g5 53. a6 h5 54. a7 g4 55. a8=Q+ Kg7 56. Qb7+ Kg6 57. Qc8 1-0

[Event "CAN-op"]
[Site "Edmonton CAN"]
[Date "2005.07.15"]
[Round "8.40"]
[White "Graves, Charles"]
[Black "Asquith, Tom"]
[Result "1-0"]
[WhiteElo "2000"]
[BlackElo "1789"]
[PlyCount "87"]
[GameId "2160767910902029"]
[EventDate "2005.07.09"]
[EventType "swiss"]
[EventRounds "10"]
[EventCountry "CAN"]

1. f4 d5 2. b3 Bg4 3. g3 e6 4. Bg2 Nd7 5. Bb2 Ngf6 6. Nf3 c5 7. O-O Be7 8. d3 Qc7 9. Nbd2 O-O 10. e4 d4 11. h3 Bh5 12. Qe2 Bxf3 13. Nxf3 Nh5 14. Qf2 g6 15. Rae1 Rab8 16. a4 Rfe8 17. Bc1 Bf8 18. Nh2 f5 19. g4 Ng7 20. Kh1 b5 21. axb5 Qb6 22. Bd2 Qxb5 23. Ra1 Qb6 24. Ra4 a6 25. Rfa1 Ra8 26. exf5 Ra7 27. fxg6 hxg6 28. Be4 Kf7 29. Nf3 Nf6 30. Ne5+ Kg8 31. Bxg6 Ree7 32. Qh4 Nf5 33. gxf5 Rh7 34. Qg3 Rhg7 35. Qf3 exf5 36. Rg1 Ne4 37. dxe4 d3 38. Qxd3 fxe4 39. Qxe4 Rae7 40. Qd5+ Kh8 41. f5 Qf6 42. Bc3 Rxe5 43. Bxe5 Qc6 44. Rh4# 1-0

[Event "CAN-op"]
[Site "Edmonton CAN"]
[Date "2005.07.15"]
[Round "8.41"]
[White "Laming, Ryan"]
[Black "Bertrand, Daryl"]
[Result "0-1"]
[WhiteElo "1756"]
[BlackElo "1987"]
[PlyCount "104"]
[GameId "2160767910902030"]
[EventDate "2005.07.09"]
[EventType "swiss"]
[EventRounds "10"]
[EventCountry "CAN"]

1. d4 d5 2. c4 e6 3. Nc3 Be7 4. Nf3 Nf6 5. Bg5 O-O 6. e3 h6 7. Bh4 Ne4 8. Bxe7 Qxe7 9. cxd5 Nxc3 10. bxc3 exd5 11. Be2 Bf5 12. O-O Nd7 13. c4 dxc4 14. Bxc4 Nb6 15. Be2 Rfd8 16. Rc1 c6 17. Ne5 Rd5 18. Nc4 Rad8 19. Nxb6 axb6 20. Bd3 Bxd3 21. Qxd3 c5 22. Qb3 cxd4 23. exd4 Qd6 24. Rb1 b5 25. h3 Qb6 26. a4 Qxd4 27. axb5 Qb6 28. Rb2 Rg5 29. Rc1 Rdd5 30. Rc4 Qg6 31. f3 Qb6+ 32. Kh1 Rxb5 33. Rb4 Rxb4 34. Qxb4 Qxb4 35. Rxb4 b5 36. Kg1 Kf8 37. Kf2 Rd5 38. Re4 Rd2+ 39. Kg3 Rb2 40. Re5 g5 41. Rc5 Kg7 42. h4 f6 43. h5 b4 44. Rc7+ Kf8 45. Rc8+ Kf7 46. Rc7+ Ke6 47. Rh7 b3 48. Rxh6 Rxg2+ 49. Kxg2 b2 50. Rh7 b1=Q 51. Rg7 Qb2+ 52. Kh1 Qf2 0-1

[Event "CAN-op"]
[Site "Edmonton CAN"]
[Date "2005.07.15"]
[Round "8.42"]
[White "Lawson, Jonathan"]
[Black "Mandic, Slaven"]
[Result "1-0"]
[WhiteElo "1782"]
[BlackElo "1970"]
[PlyCount "43"]
[GameId "2160767910902031"]
[EventDate "2005.07.09"]
[EventType "swiss"]
[EventRounds "10"]
[EventCountry "CAN"]

1. e4 d6 2. d4 Nf6 3. Nc3 g6 4. f4 Bg7 5. Nf3 c5 6. Bb5+ Nc6 7. dxc5 Qa5 8. O-O O-O 9. cxd6 exd6 10. Bd3 Ng4 11. Qe1 Nb4 12. h3 Nxd3 13. cxd3 Nf6 14. Be3 b6 15. g4 Bd7 16. f5 Rfe8 17. Kh1 Bc6 18. Qh4 h5 19. Bd4 hxg4 20. Bxf6 gxf3 21. Bxg7 f6 22. fxg6 1-0

[Event "CAN-op"]
[Site "Edmonton CAN"]
[Date "2005.07.15"]
[Round "8.43"]
[White "Longo, Tyler"]
[Black "Boron, Anthony"]
[Result "1/2-1/2"]
[WhiteElo "1733"]
[BlackElo "1966"]
[PlyCount "35"]
[GameId "2160767910902032"]
[EventDate "2005.07.09"]
[EventType "swiss"]
[EventRounds "10"]
[EventCountry "CAN"]

1. d4 Nf6 2. Nf3 e6 3. e3 b6 4. Bd3 Bb7 5. Nbd2 c5 6. O-O cxd4 7. exd4 Be7 8. Re1 Nc6 9. c3 Rc8 10. Ne4 d5 11. Nxf6+ Bxf6 12. Bf4 h6 13. Qa4 O-O 14. Kh1 a6 15. Re3 b5 16. Qd1 b4 17. Qb3 Qd7 18. Rg1 1/2-1/2

[Event "CAN-op"]
[Site "Edmonton CAN"]
[Date "2005.07.15"]
[Round "8.45"]
[White "Lauritson, Jim"]
[Black "Lafreniere, Adrian"]
[Result "1/2-1/2"]
[WhiteElo "1910"]
[BlackElo "1703"]
[PlyCount "93"]
[GameId "2160767910902033"]
[EventDate "2005.07.09"]
[EventType "swiss"]
[EventRounds "10"]
[EventCountry "CAN"]

1. e4 g6 2. d4 Bg7 3. Nc3 d6 4. Be3 Nf6 5. f3 Nc6 6. Qd2 O-O 7. h4 Nh5 8. Nge2 f5 9. exf5 gxf5 10. g3 e5 11. d5 Ne7 12. O-O-O Nxg3 13. Nxg3 f4 14. Nh5 fxe3 15. Qxe3 Nf5 16. Qg1 Rf7 17. Ne4 Kh8 18. Ng5 Bh6 19. Kb1 Rf8 20. Bd3 Qe8 21. Ng3 Nxg3 22. Qxg3 Bf5 23. Bxf5 Rxf5 24. Rdg1 Qg6 25. Ne6 Qf7 26. Qe1 c6 27. c4 Rxf3 28. Qe4 Qf5 29. Qxf5 Rxf5 30. Rf1 Bf4 31. Rh3 Rg8 32. Ra3 a6 33. dxc6 bxc6 34. Rxa6 Rc8 35. Ra7 d5 36. Nxf4 exf4 37. cxd5 cxd5 38. Rd7 f3 39. Rf2 Re8 40. Rc7 d4 41. Kc2 Re3 42. Kd2 Rfe5 43. Rf7 Re2+ 44. Rxe2 Rxe2+ 45. Kd3 Rxb2 46. Rxf3 Rxa2 47. Rf4 1/2-1/2

[Event "CAN-op"]
[Site "Edmonton CAN"]
[Date "2005.07.15"]
[Round "8.46"]
[White "Mrugala, David"]
[Black "Gorelik, Lev"]
[Result "0-1"]
[WhiteElo "1627"]
[BlackElo "2147"]
[PlyCount "85"]
[GameId "2160767910902034"]
[EventDate "2005.07.09"]
[EventType "swiss"]
[EventRounds "10"]
[EventCountry "CAN"]

1. d4 Nf6 2. c4 e6 3. Nf3 b6 4. a3 Bb7 5. Nc3 Be7 6. Bg5 h6 7. Bh4 Ne4 8. Bxe7 Qxe7 9. Qc2 Nxc3 10. Qxc3 O-O 11. e3 d6 12. Be2 Nd7 13. O-O c5 14. Rfd1 Rac8 15. Rac1 Rfd8 16. b4 Nf6 17. Qb2 Ne4 18. Nd2 Qg5 19. Nf3 Qf6 20. Qb1 Ng5 21. Nxg5 Qxg5 22. g3 g6 23. Bf1 Bf3 24. Rd2 h5 25. Bg2 Bxg2 26. Kxg2 h4 27. Rcd1 cxb4 28. Qxb4 Qg4 29. f3 Qg5 30. e4 Kg7 31. f4 Qg4 32. d5 hxg3 33. hxg3 e5 34. Qc3 Rh8 35. Rh1 Rxh1 36. Kxh1 Rh8+ 37. Kg1 f6 38. fxe5 fxe5 39. Qe3 Qh5 40. Kf1 Qh1+ 41. Ke2 Rh2+ 42. Kd3 Qb1+ 43. Kc3 0-1

[Event "CAN-op"]
[Site "Edmonton CAN"]
[Date "2005.07.15"]
[Round "8.47"]
[White "Yam, Alex"]
[Black "Cashin, Ken"]
[Result "1-0"]
[WhiteElo "2048"]
[BlackElo "1761"]
[PlyCount "59"]
[GameId "2160767910902035"]
[EventDate "2005.07.09"]
[EventType "swiss"]
[EventRounds "10"]
[EventCountry "CAN"]

1. d4 d5 2. Bg5 c6 3. c4 dxc4 4. e4 Nf6 5. Bxf6 exf6 6. Bxc4 Bb4+ 7. Nc3 O-O 8. Nge2 Qc7 9. O-O Bg4 10. Qd3 Bd6 11. Ng3 h5 12. h3 h4 13. hxg4 hxg3 14. fxg3 Bxg3 15. Rf3 Bh2+ 16. Kf2 Bd6 17. Rh1 Rd8 18. e5 Bxe5 19. Qg6 Rxd4 20. Rh8+ Kxh8 21. Bxf7 Bg3+ 22. Rxg3 Qf4+ 23. Kg1 Qc1+ 24. Kh2 Qf4 25. Qh5+ Qh6 26. Rh3 Nd7 27. Qg6 Qxh3+ 28. Kxh3 Nf8 29. Qh5+ Nh7 30. Bg6 1-0

[Event "CAN-op"]
[Site "Edmonton CAN"]
[Date "2005.07.15"]
[Round "8.49"]
[White "Klein, Gernot"]
[Black "Trandafir, Stefan"]
[Result "0-1"]
[WhiteElo "2023"]
[BlackElo "1731"]
[PlyCount "71"]
[GameId "2160767910902036"]
[EventDate "2005.07.09"]
[EventType "swiss"]
[EventRounds "10"]
[EventCountry "CAN"]

1. e4 c5 2. Nf3 Nc6 3. d4 cxd4 4. Nxd4 Nf6 5. Nc3 e5 6. Ndb5 d6 7. Nd5 Nxd5 8. exd5 Nb8 9. Qf3 a6 10. Qa3 f5 11. Bd2 Be7 12. Bb4 O-O 13. Nxd6 a5 14. Bc5 b6 15. Nb7 Bxc5 16. Nxc5 bxc5 17. Qxc5 Ba6 18. c4 Qc8 19. Qxa5 Nd7 20. Qc3 Qc5 21. Rc1 Nf6 22. Be2 Ne4 23. Qe3 Qb4+ 24. Kf1 Qxb2 25. Rd1 Qxa2 26. f3 Nd6 27. c5 Bxe2+ 28. Qxe2 Nc4 29. Qxa2 Rxa2 30. Ke1 Ne3 31. Rc1 Nxg2+ 32. Kf1 Ne3+ 33. Ke1 Rb8 34. Ra1 Rxa1+ 35. Ke2 Rxh1 36. Kxe3 0-1

[Event "CAN-op"]
[Site "Edmonton CAN"]
[Date "2005.07.15"]
[Round "8.50"]
[White "Day, Jonathan"]
[Black "Abrahams, Daniel"]
[Result "1-0"]
[WhiteElo "1741"]
[BlackElo "1946"]
[PlyCount "106"]
[GameId "2160767910902037"]
[EventDate "2005.07.09"]
[EventType "swiss"]
[EventRounds "10"]
[EventCountry "CAN"]

1. e4 c5 2. Nf3 e6 3. Nc3 a6 4. a4 Nc6 5. Bc4 Qc7 6. d3 Nf6 7. h3 d6 8. Bg5 Be7 9. O-O O-O 10. Qd2 Rd8 11. Bf4 Na5 12. Ba2 b6 13. Rfe1 Bb7 14. Ng5 c4 15. d4 Nd7 16. Be3 h6 17. Nf3 Nf8 18. d5 e5 19. g4 Nh7 20. Ne2 b5 21. Ng3 Rdc8 22. Nf5 Bf8 23. c3 bxa4 24. Kh2 Rcb8 25. Rg1 Bc8 26. h4 Bxf5 27. gxf5 Kh8 28. Rab1 f6 29. Rg6 a3 30. Ne1 Rxb2 31. Rxb2 axb2 32. Nc2 Nb3 33. Qd1 Nc5 34. f3 Rb8 35. Nb4 a5 36. Nc6 b1=Q 37. Bxb1 Rb2+ 38. Kg3 Rb3 39. Bd2 Rb6 40. Nxa5 Nb3 41. Nxb3 cxb3 42. Qe2 Be7 43. Kh3 Nf8 44. Rg1 Bd8 45. Bd3 Rb7 46. Rb1 Nd7 47. Bb5 Nc5 48. Be3 Qa5 49. Bxc5 Rxb5 50. Bb4 Qb6 51. Rxb3 Qg1 52. Qg2 Qd1 53. Ra3 Bb6 1-0

[Event "CAN-op"]
[Site "Edmonton CAN"]
[Date "2005.07.15"]
[Round "8.51"]
[White "Fokkema, Jerred"]
[Black "Culjaga, Nikolai"]
[Result "1-0"]
[WhiteElo "1773"]
[BlackElo "1927"]
[PlyCount "59"]
[GameId "2160767910902038"]
[EventDate "2005.07.09"]
[EventType "swiss"]
[EventRounds "10"]
[EventCountry "CAN"]

1. e4 c5 2. Nf3 a6 3. d4 cxd4 4. Nxd4 Nf6 5. Nc3 Nc6 6. f3 e6 7. Bg5 Bb4 8. Bxf6 Qxf6 9. Nde2 d5 10. a3 Ba5 11. b4 d4 12. Na4 Bc7 13. Qd2 b5 14. Nb2 O-O 15. Nd3 a5 16. Rb1 axb4 17. axb4 Ra4 18. Ng3 Qh4 19. Qf2 Bd6 20. e5 Bc7 21. Be2 Nxb4 22. Nxb4 Ba5 23. O-O Rxb4 24. Rxb4 Bxb4 25. Bxb5 Bc3 26. Bd3 Qh6 27. Ne4 Bb2 28. Qg3 Kh8 29. Ng5 Rd8 30. Nxf7+ 1-0

[Event "CAN-op"]
[Site "Edmonton CAN"]
[Date "2005.07.15"]
[Round "8.53"]
[White "Marshall, Jim"]
[Black "Gluckie, Jamin"]
[Result "0-1"]
[WhiteElo "1726"]
[BlackElo "1907"]
[PlyCount "57"]
[GameId "2160767910902040"]
[EventDate "2005.07.09"]
[EventType "swiss"]
[EventRounds "10"]
[EventCountry "CAN"]

1. e4 e6 2. d4 d5 3. exd5 exd5 4. c4 Bb4+ 5. Nc3 Ne7 6. a3 Bxc3+ 7. bxc3 c6 8. Bd3 Bf5 9. Ne2 Qd7 10. Ng3 Qe6+ 11. Be3 Bxd3 12. Qxd3 dxc4 13. Qe4 Qxe4 14. Nxe4 O-O 15. Nd6 b5 16. a4 Nc8 17. Ne4 Nd7 18. O-O Re8 19. Ng3 Ncb6 20. axb5 cxb5 21. Rfb1 a6 22. Kf1 Nd5 23. Bd2 g6 24. Ne2 N7b6 25. Ra2 Re6 26. Re1 Na4 27. Rb1 Rxe2 28. Kxe2 Naxc3+ 29. Bxc3 0-1

[Event "CAN-op"]
[Site "Edmonton CAN"]
[Date "2005.07.15"]
[Round "8.54"]
[White "Taylor, William"]
[Black "Thomson, Bruce"]
[Result "1-0"]
[WhiteElo "1900"]
[BlackElo "1676"]
[PlyCount "73"]
[GameId "2160767910902041"]
[EventDate "2005.07.09"]
[EventType "swiss"]
[EventRounds "10"]
[EventCountry "CAN"]

1. f4 Nf6 2. b3 d5 3. Bb2 g6 4. e3 Bg7 5. Nf3 O-O 6. Be2 b6 7. c4 Bb7 8. cxd5 Bxd5 9. Nc3 Bb7 10. Qc2 e6 11. O-O Nbd7 12. Rad1 Nc5 13. Ba3 Re8 14. Bxc5 bxc5 15. Na4 Nd7 16. Nxc5 Nxc5 17. Qxc5 Qd6 18. Qxd6 cxd6 19. d4 Bf8 20. Bd3 a5 21. Rc1 Rec8 22. Rc2 Rxc2 23. Bxc2 Rc8 24. Bd3 d5 25. Kf2 Ba3 26. Rd1 Bb4 27. Ne1 Rc3 28. Nc2 Ba6 29. Nxb4 axb4 30. Bxa6 Rc2+ 31. Kf3 Rxa2 32. Bb5 Rb2 33. Ba4 Rc2 34. Ra1 h6 35. Bb5 Rb2 36. Ra8+ Kg7 37. Ba4 1-0

[Event "CAN-op"]
[Site "Edmonton CAN"]
[Date "2005.07.15"]
[Round "8.55"]
[White "Wihnon, Jason"]
[Black "Tomaras, Pavlos"]
[Result "0-1"]
[WhiteElo "1723"]
[BlackElo "1886"]
[PlyCount "45"]
[GameId "2160767910902042"]
[EventDate "2005.07.09"]
[EventType "swiss"]
[EventRounds "10"]
[EventCountry "CAN"]

1. e4 e5 2. Nf3 f5 3. Nxe5 Nf6 4. d4 d6 5. Nc4 fxe4 6. Be2 Be7 7. O-O O-O 8. f3 d5 9. Ne3 c6 10. fxe4 Nxe4 11. Bf3 Ng5 12. Be2 Nd7 13. Rxf8+ Nxf8 14. c3 Qc7 15. Nf1 Ng6 16. Bxg5 Bxg5 17. Bd3 Nf4 18. Qc2 h6 19. Nbd2 Bg4 20. Re1 Rf8 21. Nb3 Qf7 22. Nc1 Ne2+ 23. Kh1 0-1

[Event "CAN-op"]
[Site "Edmonton CAN"]
[Date "2005.07.15"]
[Round "8.56"]
[White "Milne, Arthur"]
[Black "Mattson, Marvin"]
[Result "0-1"]
[WhiteElo "1876"]
[BlackElo "1703"]
[PlyCount "96"]
[GameId "2160767910902043"]
[EventDate "2005.07.09"]
[EventType "swiss"]
[EventRounds "10"]
[EventCountry "CAN"]

1. e4 Nf6 2. g3 c5 3. Nf3 Nc6 4. d4 cxd4 5. Nxd4 g6 6. Bg2 Bg7 7. O-O O-O 8. Nc3 a6 9. b3 e6 10. Ba3 Re8 11. Bd6 Nxd4 12. Qxd4 Nd5 13. Be5 Nxc3 14. Qxc3 Bxe5 15. Qxe5 d6 16. Qb2 Qc7 17. Rac1 Bd7 18. h4 h5 19. Rfd1 Bc6 20. c4 b6 21. Rd2 e5 22. Rcd1 Re6 23. Qc2 Rd8 24. Bh3 Rf6 25. Bg2 a5 26. Qc3 Bb7 27. f4 Qc5+ 28. Kh2 Re8 29. fxe5 dxe5 30. Rd7 Bc6 31. Rd8 Rfe6 32. R8d2 Bb7 33. Qf3 Kg7 34. Rd7 Rf6 35. Qc3 Bc6 36. R7d2 Re7 37. Rd8 Rf2 38. R1d2 Rxd2 39. Qxd2 Re6 40. Rc8 Rd6 41. Qg5 f6 42. Rc7+ Rd7 43. Rxd7+ Bxd7 44. Qd2 Qd4 45. Qxd4 exd4 46. Kg1 Bc6 47. a3 d3 48. Kf2 f5 0-1

[Event "CAN-op"]
[Site "Edmonton CAN"]
[Date "2005.07.15"]
[Round "8.57"]
[White "Lynn, Jim"]
[Black "Beebe, Greg"]
[Result "1/2-1/2"]
[WhiteElo "1871"]
[BlackElo "1637"]
[PlyCount "83"]
[GameId "2160767910902044"]
[EventDate "2005.07.09"]
[EventType "swiss"]
[EventRounds "10"]
[EventCountry "CAN"]

1. a3 Nf6 2. Nf3 d5 3. g3 Nc6 4. d4 e6 5. Bg2 Bd6 6. Bg5 h6 7. Bxf6 Qxf6 8. c3 Bd7 9. O-O Ne7 10. Nbd2 Bc6 11. b4 a5 12. Qc2 Qg6 13. Qb3 a4 14. Qb1 b5 15. Qxg6 Nxg6 16. h4 f6 17. Rae1 O-O-O 18. h5 Ne7 19. e4 dxe4 20. Nxe4 Bd5 21. Nxd6+ Rxd6 22. Nd2 Rc6 23. Rc1 Rd8 24. Bxd5 exd5 25. Rfe1 Re8 26. Re3 Kd7 27. Rce1 Rb6 28. f4 Rbb8 29. g4 Nc6 30. Kf2 Rxe3 31. Rxe3 Re8 32. Rg3 Rf8 33. Nf3 Kd6 34. g5 fxg5 35. fxg5 Ne7 36. Ke2 Rf4 37. gxh6 gxh6 38. Rh3 Rf5 39. Ne5 c6 40. Ng6 Rg5 41. Nf8 Nf5 42. Kf2 1/2-1/2

[Event "CAN-op"]
[Site "Edmonton CAN"]
[Date "2005.07.15"]
[Round "8.58"]
[White "Erickson, John"]
[Black "Conner, Kris"]
[Result "0-1"]
[WhiteElo "1904"]
[BlackElo "1586"]
[PlyCount "162"]
[GameId "2160767910902045"]
[EventDate "2005.07.09"]
[EventType "swiss"]
[EventRounds "10"]
[EventCountry "CAN"]

1. c4 Nf6 2. d4 g6 3. Nc3 Bg7 4. Nf3 O-O 5. g3 d6 6. Bg2 Nbd7 7. O-O e5 8. dxe5 dxe5 9. e4 c6 10. Qc2 Qe7 11. Bg5 h6 12. Be3 a5 13. Rfd1 Nc5 14. Ne1 Be6 15. b3 Rad8 16. Rac1 Ng4 17. Bxc5 Qxc5 18. Nd3 Qd6 19. Na4 Qc7 20. Ndc5 Bc8 21. Rxd8 Rxd8 22. Rd1 f5 23. Rxd8+ Qxd8 24. exf5 gxf5 25. h3 Nf6 26. Nd3 Nh7 27. Qe2 Qd4 28. c5 Be6 29. Bf1 Ng5 30. Kh2 e4 31. Nf4 Nf3+ 32. Kg2 Bd5 33. Nb6 Qxc5 34. Nbxd5 cxd5 35. Qd1 d4 36. Ne6 Qc3 37. Bc4 Kh8 38. Nf4 Qe1 39. Qxe1 Nxe1+ 40. Kf1 Nf3 41. Be6 d3 42. Bxf5 d2 43. Ke2 Nd4+ 44. Kxd2 Nxf5 45. g4 Nd6 46. Ke3 Bf6 47. Ne6 Bg5+ 48. Kd4 Kg8 49. Nc5 Bh4 50. Ke3 Kf7 51. f4 exf3 52. Kxf3 Ke7 53. a3 Bf6 54. b4 axb4 55. axb4 Bc3 56. Nd3 Nc4 57. Ke4 Nb2 58. Nf4 Bd2 59. h4 Bxf4 60. Kxf4 Nd3+ 61. Ke3 Nxb4 62. g5 Nd5+ 63. Kd4 hxg5 64. hxg5 Nf4 65. Kc5 Kd7 66. Kb6 Kc8 67. Ka5 Kc7 68. Kb5 b6 69. Kb4 Kc6 70. Kc4 b5+ 71. Kb4 Ne6 72. g6 Ng7 73. Kb3 Kc5 74. Kc3 Ne6 75. Kb3 b4 76. Kc2 Ng7 77. Kb3 Nf5 78. Kc2 Kc4 79. Kb2 b3 80. Kc1 Kc3 81. Kb1 b2 0-1

[Event "CAN-op"]
[Site "Edmonton CAN"]
[Date "2005.07.15"]
[Round "8.59"]
[White "Culjaga, Marko"]
[Black "Baser, John"]
[Result "0-1"]
[WhiteElo "1435"]
[BlackElo "1815"]
[PlyCount "96"]
[GameId "2160767910902046"]
[EventDate "2005.07.09"]
[EventType "swiss"]
[EventRounds "10"]
[EventCountry "CAN"]

1. e4 Nf6 2. Nc3 d6 3. d4 g6 4. Bc4 c6 5. Bb3 b5 6. a3 Bg7 7. Nge2 O-O 8. O-O Bd7 9. f3 Qc7 10. Be3 Na6 11. Qd3 Rab8 12. Kh1 c5 13. dxc5 Nxc5 14. Bxc5 Qxc5 15. Rfd1 Qg5 16. Rab1 Nh5 17. Nd5 Be5 18. Qd2 Qxd2 19. Nxe7+ Kg7 20. Rxd2 f5 21. exf5 gxf5 22. Nd5 f4 23. Nb4 Nf6 24. Nd3 a5 25. Nexf4 a4 26. Ba2 Rfc8 27. Nd5 Nxd5 28. Nxe5 dxe5 29. Rxd5 Be6 30. Rxe5 Bxa2 31. Rc1 Rc7 32. g4 Rb6 33. Kg2 Kf6 34. f4 b4 35. g5+ Kf7 36. Ra5 bxa3 37. bxa3 Bb3 38. c3 Rbc6 39. Kf3 Rxc3+ 40. Rxc3 Rxc3+ 41. Kg4 Bd1+ 42. Kf5 Rxa3 43. Ra7+ Ke8 44. Kf6 Bc2 45. f5 Rf3 46. Ra5 Rxf5+ 47. Rxf5 Bxf5 48. Kxf5 Kf7 0-1